Ako sa zotavuje po kríze ekonomika SR a jej podniky?

Prezentácia vývoja slovenskej ekonomiky a jej významnej zložky - podnikovej sféry. Previazanosť makro a mikro úrovne, jej intenzita. Výkonnosť slovenskej ekonomiky. Prosperita slovenských podnikov.

Gespeichert in:
Bibliographische Detailangaben
1. Verfasser: Sovíková, Daniela, 1983-
Weitere Verfasser: Zalai, Karol
Format: Buchkapitel
Sprache:Slowakisch
Schlagworte:
Tags: Tag hinzufügen
Keine Tags, Fügen Sie das erste Tag hinzu!

MARC

LEADER 00000naa a2200000 4500
001 0189989
005 20240502073210.8
041 0 |a slo 
044 |a SK 
245 1 0 |a Ako sa zotavuje po kríze ekonomika SR a jej podniky?  |c Daniela Sovíková, Karol Zalai 
520 |a Prezentácia vývoja slovenskej ekonomiky a jej významnej zložky - podnikovej sféry. Previazanosť makro a mikro úrovne, jej intenzita. Výkonnosť slovenskej ekonomiky. Prosperita slovenských podnikov. 
610 2 0 |a vývoj hospodársky 
610 2 0 |a Slovensko 
610 2 0 |a kríza hospodárska 
610 2 0 |a podnik 
610 2 0 |a výkonnosť ekonomiky 
610 2 0 |a situácia finančná podniku 
100 1 |a Sovíková, Daniela, 1983- 
700 1 |a Zalai, Karol